Normal view
MARC view
Entry Personal Name
001 - CONTROL NUMBER
- control field: 1239566
003 - CONTROL NUMBER IDENTIFIER
- control field: OSt
005 - DATE AND TIME OF LATEST TRANSACTION
- control field: 20260514122547.0
008 - FIXED-LENGTH DATA ELEMENTS
- fixed length control field: 260514|| aca||aabn | a|a d
040 ## - CATALOGING SOURCE
- Original cataloging agency: OSt
- Transcribing agency: OSt
100 ## - HEADING--PERSONAL NAME
- Personal name: Dr.Vikram Datta
670 ## - SOURCE DATA FOUND
- Source citation: Work cat.: (OSt)1851495: Sehrawat Dr.Prateek 1239565, Central Corneal Thickness and Corneal Diameter in Preterm and Term Newborns and Preterm Neonates at Term Age.
